000 00416nam a2200169Ia 4500
008 090711s9999 xx 000 0 und d
082 _b58343
100 _aथोरे अशोक
245 _aलालसा
260 _c1986
300 _a230
600 _aथोरे अशोक
630 _aलालसा
700 _aथोरे अशोक
730 _aलालसा
942 _cBOOK
999 _c303618
_d303618